La vie de la cellule vegetal (Record no. 46269)

MARC details
000 -LEADER
campo de control de longitud fija 00545nam a2200169 i 4500
001 - NÚMERO DE CONTROL
campo de control 46269
003 - IDENTIFICADOR DE NÚMERO DE CONTROL
campo de control ES-MaACL
005 - FECHA Y HORA DE LA ÚLTIMA TRANSACCIÓN
campo de control 20230906161344.0
007 - CAMPO FIJO DE DESCRIPCIÓN FÍSICA--INFORMACIÓN GENERAL
campo de control de longitud fija t|
008 - DATOS DE LONGITUD FIJA--INFORMACIÓN GENERAL
campo de control de longitud fija 030328s1938 fr ||||1| fre d
100 1# - ENTRADA PRINCIPAL--NOMBRE DE PERSONA
Nombre de persona Combes, Raoul.
9 (RLIN) 39973
245 13 - MENCIÓN DEL TÍTULO
Título La vie de la cellule vegetal
Resto del título : les enclaves de la materie vivante /
Mención de responsabilidad, etc. par Raoul Combes.
250 ## - MENCION DE EDICION
Mención de edición 2éme ed., revue et corrigeé.
260 ## - PUBLICACIÓN, DISTRIBUCIÓN, ETC.
Lugar de publicación, distribución, etc. Paris :
Nombre del editor, distribuidor, etc. Armand Colin,
Fecha de publicación, distribución, etc. 1938 (
Lugar de fabricación/manufactura Orleans :
Fabricante Imp. Nouvelle)
300 ## - DESCRIPCIÓN FÍSICA
Extensión 204 p. :
Otras características físicas il. ;
Dimensiones 18 cm.
852 ## - LOCALIZACIÓN
Ubicación ES-MaACL
Número de control de estantería F-15390
Sublocalización o colección R.19276
Holdings
Estatus retirado Estado de pérdida Estado de daño No para préstamo Biblioteca de origen Biblioteca actual Ubicación en estantería Fecha de adquisición Fuente de adquisición Total de préstamos Signatura topográfica completa Código de barras Visto por última vez Precio de reemplazo Tipo de ítem Koha
        Biblioteca del Ateneo de Madrid Biblioteca del Ateneo de Madrid Sala Pecera Planta 2 17/01/2008     F-15390 1048666 23/02/2023 23/02/2023 Libro impreso